[Event "Europa ch 2008 femenino"]
[Site "Plovdiv BUL"]
[Date "2008.04.23"]
[Round "3.27"]
[White "Efroimski, Marsel"]
[Black "Khukhashvili, Sopiko"]
[Result "0-1"]
[WhiteElo "2081"]
[BlackElo "2371"]
[PlyCount "122"]
[EventDate "2008.04.21"]
[EventType "swiss"]
[EventRounds "11"]
[EventCountry "BUL"]
[Source "lmi"]
[SourceDate "2008.04.21"]

1. e4 c5 2. Nf3 a6 3. Nc3 b5 4. d4 cxd4 5. Nxd4 e6 6. Bd3 Bb7 7. Be3 Qc7 8. f4
Bb4 9. Bd2 Bxc3 10. bxc3 Nf6 11. Qe2 d5 12. e5 Ne4 13. Bxe4 dxe4 14. a4 bxa4
15. Rxa4 O-O 16. O-O Nd7 17. Rc4 Qa5 18. Nb3 Qb5 19. Nd4 Qd5 20. Rb1 Rac8 21.
Rcb4 Nc5 22. Be3 a5 23. c4 Qd7 24. Rb5 a4 25. Nxe6 fxe6 26. Rxc5 Rxc5 27. Bxc5
Rxf4 28. Qe3 Rf7 29. Bd6 h6 30. Rf1 Rf5 31. Qa7 Qc6 32. Qb8+ Kh7 33. Qc7 Qxc7
34. Bxc7 Rxf1+ 35. Kxf1 Kg6 36. Kf2 Kf5 37. Ba5 g5 38. Ke3 Kxe5 39. g4 Kf6 40.
Bc3+ Kg6 41. Bb2 h5 42. h3 h4 43. Ba3 e5 44. Bc1 Kf6 45. Kf2 e3+ 46. Bxe3 a3
47. Bc1 a2 48. Bb2 Ke6 49. c5 Kd5 50. c4+ Kxc5 51. Bxe5 Kxc4 52. Ke2 Bg2 53.
Kd2 Bxh3 54. Kc2 Bxg4 55. Kb2 Be6 56. Kxa2 Kd3+ 57. Kb2 Ke4 58. Bb8 Kf3 59. Kc3
g4 60. Kd2 g3 61. Ke1 Bc4 0-1

[Event "Europa ch 2008 femenino"]
[Site "Plovdiv BUL"]
[Date "2008.04.24"]
[Round "4.47"]
[White "Petrenko, Svetlana"]
[Black "Bednikova, Stefi"]
[Result "1/2-1/2"]
[WhiteElo "2314"]
[BlackElo "2086"]
[PlyCount "99"]
[EventDate "2008.04.21"]
[EventType "swiss"]
[EventRounds "11"]
[EventCountry "BUL"]
[Source "lmi"]
[SourceDate "2008.04.21"]

1. e4 c6 2. d4 d5 3. Nc3 dxe4 4. Nxe4 Bf5 5. Ng3 Bg6 6. Nf3 Nf6 7. Bc4 e6 8.
Qe2 Be7 9. O-O Nbd7 10. a4 a5 11. Rd1 Qc7 12. Bb3 O-O 13. Nh4 Rfe8 14. Nxg6
hxg6 15. Qf3 Bd6 16. c3 c5 17. dxc5 Nxc5 18. Bc4 Red8 19. Be3 Rac8 20. Bb5 Nd5
21. Bxc5 Bxc5 22. Ne4 Be7 23. Rd4 Nb6 24. Rad1 Rxd4 25. Rxd4 Rd8 26. Qd3 Rxd4
27. Qxd4 Nd5 28. g3 Nf6 29. Nxf6+ Bxf6 30. Qd7 Qxd7 31. Bxd7 Kf8 32. Kf1 Ke7
33. Bb5 Be5 34. Ke2 g5 35. h3 Kd6 36. Kd3 Bf6 37. Be8 Ke7 38. Bb5 Kd6 39. b4
Bd8 40. Bc4 Bb6 41. Ke2 axb4 42. cxb4 Bd4 43. Bd3 Bc3 44. Be4 b6 45. b5 Kc5 46.
Bc2 Kd4 47. Bh7 Ke5 48. Bc2 Kd4 49. Bh7 Ke5 50. Bc2 1/2-1/2